La globalizacion como historia de nuestro tiempo: sociedad, cultura y economía (Registro nro. 3443)
[ vista simple ]
| 000 -Cabecera | |
|---|---|
| Campo de control de longitud fija | 00630aam a2200229 4500 |
| 005 - Fecha y hora de la última transacción | |
| Campo de control | 20230929103411.0 |
| 008 - Elementos de longitud fija--Información general | |
| Campo de control de longitud fija | 150227b2007 xxu||||| |||| 00| 0 eng d |
| 020 ## - International Standard Book Number | |
| Número Internacional Estándar del Libro (ISBN) | 99689514 |
| 041 ## - Idioma | |
| Código de idioma | Español |
| 082 ## - Clasificación Decimal Dewey | |
| Número de clasificación | 303.44 C331g |
| 100 ## - Entrada principal--Autor personal | |
| Nombre personal | Carvajal Alvarado, Guillermo |
| 245 ## - Título propiamente dicho | |
| Título | La globalizacion como historia de nuestro tiempo: sociedad, cultura y economía |
| 260 ## - Pie de imprenta | |
| Lugar de publicación, distribución, etc. | Costa Rica |
| Nombre del editor, distribuidor, etc. | Alma Mater |
| Fecha de publicación, distribución, etc. | 2007 |
| 300 ## - Descripción física | |
| Extensión | 251 páginas |
| 650 ## - Materia general | |
| Temática (materia general) | GLOBALIZACIÓN |
| 650 ## - Materia general | |
| Temática (materia general) | ECONOMÍA |
| 650 ## - Materia general | |
| Temática (materia general) | CAPITALISMO |
| 650 ## - Materia general | |
| Temática (materia general) | HUMANISMO |
| 650 ## - Materia general | |
| Temática (materia general) | DESIGUALDADES |
| 650 ## - Materia general | |
| Temática (materia general) | ERA DE LA COMUNICACIÓN |
| 942 ## - Punto de acceso adicional KOHA | |
| Tipo de ítem KOHA | Libro |
| Fuente del sistema de clasificación o colocación | Dewey Decimal Classification |
| Signatura completa | Código de barras | Tipo de ítem |
|---|---|---|
| 303.44 C331g | 12445 | Libro |